History of the Christian church / (Record no. 604)

MARC details
000 -LEADER
fixed length control field 01246cam a2200265Ii 4500
001 - CONTROL NUMBER
control field 32826
003 - CONTROL NUMBER IDENTIFIER
control field GBCCL
005 - DATE AND TIME OF LATEST TRANSACTION
control field 20241205142404.0
008 - FIXED-LENGTH DATA ELEMENTS--GENERAL INFORMATION
fixed length control field 781020s1910 miua 000 0 eng d
035 ## - SYSTEM CONTROL NUMBER
System control number (OCoLC)04306917
040 ## - CATALOGING SOURCE
Original cataloging agency OKO
Transcribing agency OKO
082 ## - DEWEY DECIMAL CLASSIFICATION NUMBER
Classification number 270
Item number SCH
092 ## - LOCALLY ASSIGNED DEWEY CALL NUMBER (OCLC)
Classification number 270
Item number S926
100 1# - MAIN ENTRY--PERSONAL NAME
Personal name Schaff, Philip,
Dates associated with a name 1819-1893.
245 10 - TITLE STATEMENT
Title History of the Christian church /
260 ## - PUBLICATION, DISTRIBUTION, ETC.
Place of publication, distribution, etc. Grand Rapids :
Name of publisher, distributor, etc. Wm. B. Eerdmans,
Date of publication, distribution, etc. [c1910])
300 ## - PHYSICAL DESCRIPTION
Extent 8 v. :
Other physical details fronts., ill., (incl. maps, facsims.) ports. ;
Dimensions 22 cm.
500 ## - GENERAL NOTE
General note v.5 is copyrighted 1907.
504 ## - BIBLIOGRAPHY, ETC. NOTE
Bibliography, etc. note Includes bibliography.
505 0# - FORMATTED CONTENTS NOTE
Formatted contents note v.1. Apostolic Christianity, A.D. 1-100.--v.2. Ante-Nicene Christianity, A.D. 100-325.--v.3. Nicene and Post-Nicene Christianity, from Constantine the Great to Gregory the Great, A.D. 311-600.--v.4. Mediaeval Christianity, from Gregory I to Gregory VII, A.D. 590-1073.--v.5. The Middle Ages from Gregory VII, 1049, to Boniface VIII, 1294.--v.6. The Protestant Reformation, 1517.--v.7. Modern Christianity. The German Reformation.--v.8. Modern Christianity. The Swiss Reformation.
650 #0 - SUBJECT ADDED ENTRY--TOPICAL TERM
Topical term or geographic name entry element Church history.
650 #0 - SUBJECT ADDED ENTRY--TOPICAL TERM
Topical term or geographic name entry element Reformation.
856 ## - ELECTRONIC LOCATION AND ACCESS
Uniform Resource Identifier <a href="https://globaldigital.on.worldcat.org/oclc/867490855">https://globaldigital.on.worldcat.org/oclc/867490855</a>
942 ## - ADDED ENTRY ELEMENTS (KOHA)
Source of classification or shelving scheme Dewey Decimal Classification
Koha item type Books
Koha issues (borrowed), all copies 59
Suppress in OPAC No
Holdings
Withdrawn status Lost status Source of classification or shelving scheme Damaged status Not for loan Home library Current Library Shelving location Date acquired Total checkouts Full call number Barcode Date last seen Date last checked out Copy number Price effective from Koha item type Total renewals
    Dewey Decimal Classification     GRACE BIBLE COLLEGE GRACE BIBLE COLLEGE Church History 2016-11-24 8 270 SCH 000253 2025-05-01 2024-11-25 v.1 c.1 2016-11-24 Books  
    Dewey Decimal Classification     GRACE BIBLE COLLEGE GRACE BIBLE COLLEGE Church History 2016-11-24 13 270 SCH 000254 2026-02-09 2026-01-29 v.2 c.1 2016-11-24 Books 3
    Dewey Decimal Classification     GRACE BIBLE COLLEGE GRACE BIBLE COLLEGE Church History 2016-11-24 3 270 SCH 000255 2025-05-01 2023-03-13 v.3 c.1 2016-11-24 Books 1
    Dewey Decimal Classification     GRACE BIBLE COLLEGE GRACE BIBLE COLLEGE Church History 2016-11-24 11 270 SCH 000257 2025-09-15 2025-09-04 v.5 c.1 2016-11-24 Books 1
    Dewey Decimal Classification     GRACE BIBLE COLLEGE GRACE BIBLE COLLEGE Church History 2016-11-24 13 270 SCH 000258 2025-05-01 2024-12-11 v.6 c.1 2016-11-24 Books  
    Dewey Decimal Classification     GRACE BIBLE COLLEGE GRACE BIBLE COLLEGE Church History 2016-11-24 6 270 SCH 000259 2025-05-01 2023-02-24 v.7 c.1 2016-11-24 Books 2
    Dewey Decimal Classification     GRACE BIBLE COLLEGE GRACE BIBLE COLLEGE Church History 2016-11-24 6 270 SCH 000260 2026-03-24 2026-03-20 v.8 c.1 2016-11-24 Books  
    Dewey Decimal Classification     GRACE BIBLE COLLEGE GRACE BIBLE COLLEGE Church History 2016-11-24 14 270 SCH 000256 2025-05-01 2023-03-13 v.4 c.1 2016-11-24 Books 1
© Grace Bible College Library 2025